书目信息 |
| 题名: |
体育与健康
|
|
| 作者: | 林宏牛 主编 | |
| 分册: | ||
| 出版信息: | 合肥 合肥工业大学出版社 2004 |
|
| 页数: | 324页 | |
| 开本: | 20cm | |
| 丛书名: | ||
| 单 册: | ||
| 中图分类: | G807.4 | |
| 科图分类: | ||
| 主题词: | 体育教育--高等学校 | |
| 电子资源: | ||
| ISBN: | 7-81093-094-X | |
| 000 | 00714nam0 2200217 45 | |
| 001 | 002725312 | |
| 005 | 20050404084442.3 | |
| 010 | @a7-81093-094-X@dCNY19.80 | |
| 100 | @a20040802d2004 em y0chiy0110 ea | |
| 101 | 0 | @achi |
| 102 | @aCN@b340000 | |
| 105 | @aa z 000yy | |
| 200 | 1 | @a体育与健康@Ati yu yu jian kang@f林宏牛主编@FLin Hong Niu Zhu Bian |
| 210 | @a合肥@c合肥工业大学出版社@d2004 | |
| 215 | @a324页@c图@d20cm | |
| 330 | @a本书针对高校体育工作实际状况与学生生理与心理特点,阐述体育与素质教育、体育锻炼与卫生保健等理论,并对各种运动实践进行介绍。 | |
| 606 | 0 | @a体育教育@x高等学校 |
| 690 | @aG807.4@v4 | |
| 701 | 0 | @a林宏牛@4主编 |
| 801 | 0 | @aCN@bNLC@c20041019 |
| 905 | @f5@b347100-104@dG807.4@e145 | |
| 体育与健康/林宏牛主编.-合肥:合肥工业大学出版社,2004 |
| 324页:图;20cm |
| ISBN 7-81093-094-X:CNY19.80 |
| 本书针对高校体育工作实际状况与学生生理与心理特点,阐述体育与素质教育、体育锻炼与卫生保健等理论,并对各种运动实践进行介绍。 |
| ● |
| 相关链接 |
|
|
|
|
正题名:体育与健康
索取号:G807.4/145
 
预约/预借
| 序号 | 登录号 | 条形码 | 馆藏地/架位号 | 状态 | 备注 |
| 1 | 0347100 | 203471000 | 第一样本阅览室/ [索取号:G807.4/145] | 在馆 | |
| 2 | 0347101 | 203471019 | 第四借阅区/ [索取号:G807.4/145] | 在馆 | |
| 3 | 0347102 | 203471028 | 第四借阅区/ [索取号:G807.4/145] | 在馆 | |
| 4 | 0347103 | 203471037 | 第四借阅区/ [索取号:G807.4/145] | 在馆 | |
| 5 | 0347104 | 203471046 | 第四借阅区/ [索取号:G807.4/145] | 在馆 |